All SeaWings in Wings of Fire - Statistics

General Stats
  • This quiz has been taken 222 times
  • The average score is 29 of 52
Answer Stats
Answer % Correct
Coral
97%
Tsunami
97%
Auklet
94%
Anemone
92%
Turtle
90%
Gill
80%
Riptide
80%
Webs
78%
Shark
77%
Whirlpool
77%
Fathom
75%
Albatross
74%
Indigo
72%
Lagoon
72%
Lagoon
72%
Orca
71%
Pearl
67%
Pearl
67%
Moray
65%
Octopus
61%
Tortoise
59%
Squid
57%
Fin
55%
Snail
55%
Snail
55%
Cerulean
53%
Abalone
52%
Nautilus
52%
Manta
50%
Pike
50%
Herring
45%
Clearpool
42%
Lionfish
42%
Reef
41%
Snapper
41%
Barracuda
40%
Humpback
40%
Kelp
39%
Ripple
39%
Sapphire
39%
Typhoon
39%
Wharf
39%
Cowrie
38%
Splash
38%
Flounder
34%
Current
33%
Eel
33%
Tempest
31%
Piranha
29%
Scallop
29%
Urchin
29%
Droplet
25%
No matching quizzes found
Score Distribution
Percent of People with Each Score
Percentile by Number Answered
Your Score History
You have not taken this quiz